Unmanned aviation : (Record no. 594324)

000 -LEADER
fixed length control field 01097cam a22002654a 4500
001 - CONTROL NUMBER
control field 13575696
005 - DATE AND TIME OF LATEST TRANSACTION
control field 20230327103425.0
008 - FIXED-LENGTH DATA ELEMENTS--GENERAL INFORMATION
fixed length control field 040428s2004 vauab b 001 0 eng
010 ## - LIBRARY OF CONGRESS CONTROL NUMBER
LC control number 2004009916
020 ## - INTERNATIONAL STANDARD BOOK NUMBER
International Standard Book Number 1563476444
040 ## - CATALOGING SOURCE
Original cataloging agency DLC
Transcribing agency DLC
Modifying agency DLC
042 ## - AUTHENTICATION CODE
Authentication code pcc
050 00 - LIBRARY OF CONGRESS CALL NUMBER
Classification number UG1242.D7
Item number N48 2004
082 00 - DEWEY DECIMAL CLASSIFICATION NUMBER
Classification number 623.74
Edition number 22
Author Mark NEW
100 1# - MAIN ENTRY--PERSONAL NAME
Personal name Newcome, Laurence R.
9 (RLIN) 111426
245 10 - TITLE STATEMENT
Title Unmanned aviation :
Remainder of title a brief history of unmanned aerial vehicles /
Statement of responsibility, etc. Laurence R. Newcome.
260 ## - PUBLICATION, DISTRIBUTION, ETC.
Place of publication, distribution, etc. Reston, Va. :
Name of publisher, distributor, etc. American Institute of Aeronautics and Astronautics, Inc.,
Date of publication, distribution, etc. c2004.
300 ## - PHYSICAL DESCRIPTION
Extent vii, 171 p. :
Other physical details ill., maps ;
Dimensions 23 cm.
504 ## - BIBLIOGRAPHY, ETC. NOTE
Bibliography, etc. note Includes bibliographical references (p. 159-160) and index.
650 #0 - SUBJECT ADDED ENTRY--TOPICAL TERM
Topical term or geographic name entry element Drone aircraft
General subdivision History.
9 (RLIN) 111427
856 41 - ELECTRONIC LOCATION AND ACCESS
Materials specified Table of contents
Uniform Resource Identifier <a href="http://www.loc.gov/catdir/toc/ecip0417/2004009916.html">http://www.loc.gov/catdir/toc/ecip0417/2004009916.html</a>
906 ## - LOCAL DATA ELEMENT F, LDF (RLIN)
a 7
b cbc
c orignew
d 1
e ecip
f 20
g y-gencatlg
942 ## - ADDED ENTRY ELEMENTS (KOHA)
Source of classification or shelving scheme
Koha item type Book
Holdings
Withdrawn status Lost status Source of classification or shelving scheme Damaged status Not for loan Permanent Location Current Location Shelving location Date acquired Full call number Barcode Date last seen Price effective from Koha item type
          School of Mechanical & Manufacturing Engineering (SMME) School of Mechanical & Manufacturing Engineering (SMME) Aerospace Engineering 03/27/2023 623.74 NEW SMME-4139 03/27/2023 03/27/2023 Book
© 2023 Central Library, National University of Sciences and Technology. All Rights Reserved.